Toutes les gares ferroviaires en Savoie - Statistiques

Statistiques générales
  • Ce quiz a été pris 30 fois
  • Le résultat moyen est 11 sur 27
Statistiques - réponses
Fréquentation annuelle Nom de la gare % Correct
5 105 918 Chambéry-Challes-les-Eaux
97%
1 871 354 Aix-les-Bains le Revard
80%
374 004 Albertville
73%
477 872 Bourg-Saint-Maurice
70%
137 211 Aime - la Plagne
63%
122 917 Modane
63%
707 888 Montmélian
60%
359 691 Saint-Jean-de-Maurienne Arvan
47%
126 444 Grésy-sur-Aix
40%
172 253 Saint-Pierre-d'Albigny
40%
104 659 Lépin-le-Lac - La Bauche
37%
448 523 Moûtiers - Salins - Brides -les -Bains
37%
91 094 Aiguebelle
33%
149 961 Albens
33%
45 927 Landry
33%
14 715 Notre-Dame de Briançon
33%
192 308 Saint-Michel - Valloire
33%
45 427 Frontenex
30%
15 335 Viviers-du-Lac
30%
16 740 Grésy-sur-Isère
27%
38 510 Epierre - Saint-Léger
23%
86 739 Saint-Avre - La Chambre
23%
3 540 Aiguebelette-le-Lac
17%
29 856 Chindrieux
17%
46 635 Chamousset
10%
11 321 Saint-Béron - La Bridoire
10%
13 352 Vions-Chanaz
10%
Aucun quiz correspondant
Distribution des résultats
% des personnes avec chaque résultat
Percentile par nombre de réponses
Votre historique - résultats
Vous n’avez pas pris ce quiz